Belkıs/Zeugma and its mosaics (Record no. 541)
[ view plain ]
| 000 -BAŞLIK | |
|---|---|
| Sabit Uzunlukta Kontrol Alanı | 00800na a2200265 4500 |
| 001 - KONTROL NUMARASI | |
| Denetim Alanı | 18078 |
| 003 - KONTROL NUMARASI IDENTIFIER | |
| Denetim Alanı | MIRAKIL |
| 005 - SON İŞLEM TARİHİ VE ZAMANI | |
| Denetim Alanı | 20181213154753.0 |
| 008 - SABİT-BOY VERİ ELEMANLARI - GENEL BİLGİLER | |
| Sabit Uzunlukta Kontrol Alanı | 161110b tu 000 0 |
| 020 ## - ULUSLARARASI STANDART KİTAP NUMARASI | |
| Uluslararası Standart Kitap Numarası | 9789759011086 |
| 040 ## - KATALOGLAMA KAYNAK | |
| Orijinal Kataloglama Ajansı | Milas |
| Kataloglama Dili | tur |
| Metne Dönüştürmek Ajansı | TR-AnCHP |
| 041 ## - DİL KODU | |
| Metin / Ses Parça Veya Ayrı Başlığın Dil Kodu | eng |
| 082 ## - DEWEY ONLU SINIFLANDIRMA NUMARASI | |
| Sınıflandırma Numarası | 738.50956672 |
| Ürün Numarası | B34 2011 |
| 090 ## - SINIFLAMA NUMARASI | |
| Sınıflama Numarası | 738.50956672 B34 2011 |
| 245 ## - BAŞLIK TABLOSU | |
| Başlık | Belkıs/Zeugma and its mosaics |
| Sorumluluk Tablosu, Vb | editor Rifat Ergeç ; translated by Bilgi Altınok |
| 246 ## - UNVAN FORM VARYING | |
| Başlık Doğru / Kısa Başlığı | Belkıs and its mosaics |
| 246 ## - UNVAN FORM VARYING | |
| Başlık Doğru / Kısa Başlığı | Zeugma and its mosaics |
| 260 ## - YAYIN, DAĞITIM, VB | |
| Yayın, Dağıtım, Vb Yeri | İstanbul |
| Yayıncı, Dağıtıcı, Vs Adı | SANKO |
| Yayın, Dağıtım, Vb Tarihi | 2011 |
| 300 ## - FİZİKSEL TANIM | |
| Kapsam | 224 s. |
| Diğer Fiziksel Ayrıntıları | rnkl. fotg. |
| Boyutlar | 33 sm. |
| 504 ## - KAYNAKÇA VB NOT | |
| Kaynakça Vb Notu | Kaynakça var. |
| 650 ## - KONU KATMA GİRİŞ - TOPİKAL DÖNEM | |
| Topikal Süreli Veya Coğrafi Ad Giriş Elemanı | Mozaikler |
| Genel Alt Bölümü | Zeugma |
| Coğrafi Alt Bölümü | Gaziantep |
| 650 ## - KONU KATMA GİRİŞ - TOPİKAL DÖNEM | |
| Topikal Süreli Veya Coğrafi Ad Giriş Elemanı | Seramik sanatları |
| Genel Alt Bölümü | Mozaikler |
| Coğrafi Alt Bölümü | Gaziantep |
| 942 ## - EKLENDİ GİRİŞ ELEMANLARI (KOHA) | |
| Sınıflandırma Veya Raf Düzeni Kaynak | Dewey Decimal Classification |
| Koha Öğesi Türü | Books |
| 999 ## - SİSTEM KONTROL NUMARALARI (KOHA) | |
| Koha Biblionumber | 541 |
| Koha Biblioitemnumber | 541 |
| 657 ## - INDEX SÜRE - İŞLEVİ | |
| -- | Zeugma mozaikleri |
| -- | Gaziantep |
| Kalıcı Konum | Mevcut Konum | Edinme Tarihi | Edinim Kaynak | Toplam Check-Out'Lar | Tam Çağrı Numarası | Barkod | Tarih Son Görülme | İtibaren Geçerli Fiyatlar | Koha Öğesi Türü |
|---|---|---|---|---|---|---|---|---|---|
| CHP Kütüphanesi | CHP Kütüphanesi | 11/10/2016 | Bağış | 738.50956672 B34 2011 | 009328 | 11/10/2016 | 11/10/2016 | Books |
